Les virus émergents

שמור ב:
מידע ביבליוגרפי
מחבר ראשי: Gessain, Antoine (Author)
פורמט: ספר
שפה:צרפתית
יצא לאור: París Presses Universitaire de France 2006
מהדורה:1a. ed
סדרה:Que Sais Je?
נושאים:
תגים: הוספת תג
אין תגיות, היה/י הראשונ/ה לתייג את הרשומה!

MARC

LEADER 00000nam a2200000 a 4500
001 UCH5646
003 CL-VaPUC
008 091015e20060000FR |||||||||||||||||fre|d
020 |a 2130555438 
082 0 4 |a 616.0194  |b GES  |2 21 
100 0 |a Gessain, Antoine  |e author  |9 541949 
245 1 4 |a Les virus émergents 
250 |a 1a. ed 
300 |a 127 p 
942 |c BK 
945 |d 20091015 00:00:00  |a rbrito 
260 |a París  |b Presses Universitaire de France  |c 2006 
650 0 |a Virus  |9 316452 
650 0 |a Virología  |9 327250 
650 0 |a Epidemiología   |9 271159 
583 |a last modification  |c 20091015 00:00:00  |k Rodrigo Vera 
490 0 |a Que Sais Je? 
999 |c 336751  |d 336749 
952 |0 0  |1 0  |4 0  |6 616_019400000000000_GES_2006  |7 0  |8 A  |9 428672  |a BIBHIS  |b BIBHIS  |d 2019-11-22  |i 4606280  |o 616.0194 GES 2006  |p 4606280  |r 2025-01-20  |w 2019-11-22  |y BK  |k HIS